Gerardo Torres (Record no. 4059)

MARC details
000 - LÍDER
campo de control de longitud fija 00851nam a2200205Ia 4500
008 - ELEMENTOS DE DATOS DE LONGITUD FIJA - INFORMACIÓN GENERAL
campo de control de longitud fija 0000001995 pr a 0000000000spa00
090 ## - NÚMERO DE LLAMADA DE TIPO LC LOCALMENTE ASIGNADO (OCLC)
Número de clasificación (OCLC) (R) PPR00 T67g
100 1# - ENTRADA PRINCIPAL - NOMBRE PERSONAL
Nombre de la persona Torres, Gerardo
Fechas asociadas a un nombre 1964
245 10 - TÍTULO DECLARACIÓN
Título Gerardo Torres
Declaración de responsabilidad / fotografías René Castillo
260 ## - PUBLICACIÓN, DISTRIBUCIÓN
Lugar de publicación Hato Rey (Puerto Rico) : Forum de las Artes
Fecha de publicación 1995
300 ## - DESCRIPCIÓN FÍSICA
Alcance 1 plegable [6] p.
Dimensiones / 31 cm.
500 ## - NOTA GENERAL
Nota general Exposición realizada en Forum de las Artes, Hato Rey (Puerto Rico), 1995 \ Con el patronazgo del maestro venezolano Jesús Rafael Soto (q.e.p.d.) \ Registro auspiciado por el IDCT. Bogotá
600 00 - ENTRADA DE SUJETO AÑADIDO - NOMBRE PERSONAL
Nombre de la persona TORRES, GERARDO, 1964/
Subdivisión general TRABAJOS PICTORICOS
650 14 - ENTRADA DE SUJETO AÑADIDO - TÉRMINO TÓPICO
Término tópico o elemento de entrada del nombre geográfico ARTE CONTEMPORANEO PUERTORRIQUEÑO
650 14 - ENTRADA DE SUJETO AÑADIDO - TÉRMINO TÓPICO
Subdivisión general CATALOGOS
650 14 - ENTRADA DE SUJETO AÑADIDO - TÉRMINO TÓPICO
Subdivisión general EXPOSICIONES
650 14 - ENTRADA DE SUJETO AÑADIDO - TÉRMINO TÓPICO
Término tópico o elemento de entrada del nombre geográfico PINTORES PUERTORRIQUEÑOS
650 14 - ENTRADA DE SUJETO AÑADIDO - TÉRMINO TÓPICO
Término tópico o elemento de entrada del nombre geográfico PINTURA PUERTORRIQUEÑA
700 1# - ENTRADA AGREGADA - NOMBRE PERSONAL
Nombre de la persona Castillo, René
Holdings
Estado de retirada Pérdida de estatus Estado dañado No para préstamo Código de recogida Ubicación permanente Ubicación actual Ubicación de las estanterías Fecha de adquisición Número de llamada completo Código de barras Fecha de la última vez que se vio Número de copia Precio efectivo desde Tipo de artículo Koha
        General ArtNexus ArtNexus General 06/09/2022 P-PR-00 T67G 4063 06/09/2022 Ej.1 06/09/2022 Libro

Powered by Koha